00913nam a2200241 i 4500003000900000005001700009007000300026008004100029020001800070040003000088041000800118082001900126100003400145245015600179264005300335300004000388336002700428337003400455338002800489500005700517504003900574700005800613DO-SdBNP20260430143904.0ta260430b2025 dr c|||| |||| 00| 0 spa d a9789945949124 aDO-SdBNPbspacBNPHUerda aspa 4axxxbM538f222 aMéndez, Justo,eautor4aut.10aFundamentos de oratoria castrense :bliderazgo y persuación en las fuerzas militares /cJusto Méndez ; prólogo, Carlos Antonio Fernández Onofre 4aSanto Domingo :bEditorial Luz de Luna,c©2025. a213 páginas :bretratos ;c22 cm. atextobtxt2rdacontent asin mediación bn2rdamedia avolumenbnc2rdacarrier aIncluye datos biográficos del autor en las solapas aBibliografía : páginas 209-213 1aFernández Onofre, Carlos Antonio,eprologuista4pr.